Aritmética y álgebra : bachillerato universitario
Salvato in:
| Autore principale: | |
|---|---|
| Natura: | Libro |
| Lingua: | spagnolo |
| Pubblicazione: |
Barcelona :
Imprenta de Angel Ortega,
1900
|
| Catalogo: | MANES: Risultati della ricerca del catalogo della biblioteca |
| Libro di testo Classificazione: |
|
| Tags: |
Aggiungi Tag
Nessun Tag, puoi essere il primo ad aggiungerne!!
|
| Aggiunto a: | 2019-02-09 |
| Cambiato in: | 2025-05-07 |
MARC
| LEADER | 00000cam a2200000 4500 | ||
|---|---|---|---|
| 005 | 20250507134346.0 | ||
| 008 | 190210M19001960esp p 0000 00spa0d | ||
| 040 | |a uned |b spa |c entro-manes | ||
| 041 | 0 | |a spa | |
| 100 | 2 | |a Sabrás Gurrea, Amós . | |
| 245 | 1 | 0 | |a Aritmética y álgebra : |b bachillerato universitario |c por Amós Sabrás Gurrea |
| 260 | |a Barcelona : |b Imprenta de Angel Ortega, |c 1900 | ||
| 300 | |a 180, 54 p. | ||
| 500 | |a Incluye: Resumen de lecciones del programa de aritmética y álgebra de bachillerato universitario/ explicadas por el profesor de dicha asignatura | ||
| 546 | |a España | ||
| 561 | |5 es-BUNED |3 L.T. 1504 |a España. Fondo Manes UNED |k MANES | ||
| 690 | 0 | |a MATE | |
| 942 | |2 ddc |c BK | ||
| 999 | |c 92596 |d 92596 | ||
| 999 | |c manes:92596 |d 92596 | ||